00333nam a2200133Ia 450000500170000000800410001708200130005810000150007124500200008625000080010626000420011430000130015650000300016920250508024508.0240331s9999 xx 000 0 und d bVAAa894 aVaasanthi, 0aMoonkil pookkal a4th aChennaibKanna apalanai Achagamc1994 a120 p ., aithu oru kattpanai kadhai